|
|
|
|
| LEADER |
00711nta a2200169 i 4500 |
| 001 |
dipl57328 |
| 005 |
20160608154859.0 |
| 008 |
160608s2012 hu om 0|| hun d |
| 040 |
|
|
|a SZTE Diploma Repozitórium
|b hun
|
| 041 |
|
|
|a hun
|
| 100 |
2 |
|
|a Törökné Nyiri Erika
|
| 245 |
1 |
0 |
|a Megváltozott munkaképességű személyek munkaerő-piaci reintegrációja
|h [elektronikus dokumentum] /
|c Erika Törökné Nyiri
|
| 246 |
1 |
0 |
|a Reintegration of people with ability difficulties to human resourse market
|h [elektronikus dokumentum]
|
| 260 |
|
|
|c 2012
|
| 650 |
|
4 |
|a Gazdaságtudományok
|
| 700 |
1 |
|
|a Halmosi Péter
|e ths
|
| 856 |
4 |
0 |
|u http://diploma.bibl.u-szeged.hu/id/eprint/57328/1/2012_torokne_nyiri_erika.pdf
|z Dokumentum-elérés
|